00498 2200205 4500001002100000005001500021035002000036007000300056008004100059020001800100082001000118084001600128100002400144245002900168260003600197300002400233856001700257990000900274990000900283INLIS00000000000075420220905080304 a0010-0922000035ta220905 g 0 ind  a9786027409088 a371.3 a371.3 TIM s0 aTim redaksi bintang1 aSukses UN smp / mts 2017 aJakarta :bBintang Wahyu,c2016 a552 hlm ;c19x26 cm aKoleksi Umum a1150 a1151